Frecuencia de producción de las respuestas a 52 categorías verbales en niños de primaria / (Registro nro. 135842)
[ vista simple ]
| 000 -LEADER | |
|---|---|
| campo de control de longitud fija | 02657nab a2200409 i 4500 |
| 001 - NÚMERO DE CONTROL | |
| campo de control | 135842 |
| 003 - IDENTIFICADOR DE NÚMERO DE CONTROL | |
| campo de control | FINmELB |
| 005 - FECHA Y HORA DE LA ÚLTIMA TRANSACCIÓN | |
| campo de control | 20241217180958.0 |
| 006 - CÓDIGOS DE INFORMACIÓN DE LONGITUD FIJA--CARACTERÍSTICAS DEL MATERIAL ADICIONAL | |
| campo de control de longitud fija | m o u |
| 007 - CAMPO FIJO DE DESCRIPCIÓN FÍSICA--INFORMACIÓN GENERAL | |
| campo de control de longitud fija | cr cn||||||||| |
| 008 - DATOS DE LONGITUD FIJA--INFORMACIÓN GENERAL | |
| campo de control de longitud fija | 230524c20009999sp fr p o 0 0spa d |
| 022 ## - NÚMERO INTERNACIONAL NORMALIZADO PARA PUBLICACIONES SERIADAS | |
| Número Internacional Normalizado para Publicaciones Seriadas | 0211-2159 |
| ISSN-L [OBSOLETO] | 1576-8597 |
| 035 ## - NÚMERO DE CONTROL DEL SISTEMA | |
| Número de control de sistema | (OCoLC)1385419260 |
| 040 ## - FUENTE DE CATALOGACIÓN | |
| Centro catalogador/agencia de origen | FINmELB |
| Lengua de catalogación | spa |
| Normas de descripción | rda |
| Centro/agencia transcriptor | FINmELB |
| 050 #4 - SIGNATURA TOPOGRÁFICA DE LA BIBLIOTECA DEL CONGRESO | |
| Número de clasificación | BF38.5 |
| Número de ítem | G655 2000 |
| 080 ## - NÚMERO DE LA CLASIFICACIÓN DECIMAL UNIVERSAL | |
| Número de la Clasificación Decimal Universal | 159.9(045) |
| 082 04 - NÚMERO DE LA CLASIFICACIÓN DECIMAL DEWEY | |
| Número de clasificación | 150 |
| Información de edición | 23 |
| 100 1# - ENTRADA PRINCIPAL--NOMBRE DE PERSONA | |
| Nombre de persona | Goikoetxea, Edurne, |
| Término indicativo de función/relación | autor. |
| 245 10 - MENCIÓN DEL TÍTULO | |
| Título | Frecuencia de producción de las respuestas a 52 categorías verbales en niños de primaria / |
| Mención de responsabilidad, etc. | Edurne Goikoetxea. |
| 264 #1 - PRODUCCIÓN, PUBLICACIÓN, DISTRIBUCIÓN, FABRICACIÓN Y COPYRIGHT | |
| Producción, publicación, distribución, fabricación y copyright | Valencia, España : |
| Nombre del de productor, editor, distribuidor, fabricante | Universidad de Valencia, |
| Fecha de producción, publicación, distribución, fabricación o copyright | 2000. |
| 310 ## - PERIODICIDAD ACTUAL | |
| Periodicidad actual | Semestral |
| 336 ## - TIPO DE CONTENIDO | |
| Término de tipo de contenido | texto |
| Código de tipo de contenido | txt |
| Fuente | rdacontent/spa |
| 337 ## - TIPO DE MEDIO | |
| Nombre/término del tipo de medio | computadora |
| Código del tipo de medio | c |
| Fuente | rdamedia/spa |
| 338 ## - TIPO DE SOPORTE | |
| Nombre/término del tipo de soporte | recurso en línea |
| Código del tipo de soporte | cr |
| Fuente | rdacarrier/spa |
| 520 ## - RESUMEN, ETC. | |
| Sumario, etc. | Se presentan datos normativos de las respuestas a 52 categorías verbales de 484 niños de los cursos 1o a 6o de primaria (rango de edad = 6 a 13 años). Todas las categorías, excepto tres, se tomaron de los estudios de Soto et al. (1982/1994) y de Battig y Montague (1969). Los niños respondieron a cada categoría en 60 seg (1o y 2o curso) o en 30 seg (3o a 6o curso). Se proporciona la frecuencia de producción de cada respuesta y el número de veces que cada respuesta apareció en primer lugar en cada categoría y curso, además del rango medio de cada respuesta en la muestra total. Se examina el número medio de respuestas, el número de ejemplares diferentes, el índice de respuestas comunes y el índice de diversidad, en cada categoría y curso. Los resultados se comparan con los de otras normas de niños y adultos. Estos datos son una herramienta para la investigación que emplea estímulos verbales, la docencia y el desarrollo de tests educativos y psicológicos. |
| 588 ## - NOTA DE FUENTE DE LA DESCRIPCIÓN | |
| Nota de fuente de la descripción | Descripción basada en metadatos suministrados por el editor y otras fuentes. |
| 588 ## - NOTA DE FUENTE DE LA DESCRIPCIÓN | |
| Nota de fuente de la descripción | Descripción basada en Psicológica,vol. 21, n. 1 (2000), P. 61-89. |
| 590 ## - NOTA LOCAL (RLIN) | |
| Nota local | Recurso electrónico. Santa Fe, Arg.: elibro, 2023. Disponible vía World Wide Web. El acceso puede estar limitado para las bibliotecas afiliadas a elibro. |
| 650 #4 - PUNTO DE ACCESO ADICIONAL DE MATERIA--TÉRMINO DE MATERIA | |
| Término de materia o nombre geográfico como elemento de entrada | Categorías verbales en español. |
| 650 #4 - PUNTO DE ACCESO ADICIONAL DE MATERIA--TÉRMINO DE MATERIA | |
| Término de materia o nombre geográfico como elemento de entrada | Niños en edad escolar. |
| 650 #4 - PUNTO DE ACCESO ADICIONAL DE MATERIA--TÉRMINO DE MATERIA | |
| Término de materia o nombre geográfico como elemento de entrada | Normas estadísticas. |
| 650 #4 - PUNTO DE ACCESO ADICIONAL DE MATERIA--TÉRMINO DE MATERIA | |
| Término de materia o nombre geográfico como elemento de entrada | Procesos cognitivos de categorización. |
| 655 #4 - TERMINO DE INDIZACIÓN--GENERO/FORMA | |
| Datos o término principal de género/forma | Libros electrónicos. |
| 773 0# - ASIENTO DE ITEM FUENTE | |
| Título | Psicológica. |
| Número Internacional Normalizado para Publicaciones Seriadas | ISSN0211-2159, 1576-8597 |
| Lugar, editor y fecha de publicación | Valencia, España : Universidad de Valencia. |
| Parte(s) relacionada(s) | vol. 21, n. 1 (2000), p. 61-89 |
| 797 2# - PUNTO DE ACCESO ADICIONAL LOCAL--NOMBRE DE ENTIDAD CORPORATIVA (RLIN) | |
| Nombre de entidad corporativa o nombre de jurisdicción como elemento de entrada | elibro, Corp. |
| 856 40 - LOCALIZACIÓN Y ACCESO ELECTRÓNICOS | |
| Identificador Uniforme de Recurso | <a href="https://elibro.net/ereader/politecnicointernacional/8596">https://elibro.net/ereader/politecnicointernacional/8596</a> |
No hay ítems disponibles.